[Event "Faxe EMT"]
[Site "Faxe"]
[Date "2012.04.25"]
[Round "4"]
[White "Rasmussen, Frede"]
[Black "Karstensen, Preben"]
[Result "1-0"]
[WhiteElo "1514"]
[BlackElo "1354"]
[PlyCount "73"]
[EventDate "2012.03.28"]
[EventType "swiss"]
[EventRounds "7"]
[EventCountry "DEN"]
[SourceTitle "EXT 2023"]
[Source "ChessBase"]
[SourceDate "2022.10.05"]
[SourceVersion "1"]
[SourceVersionDate "2022.10.05"]
[SourceQuality "1"]

1. d4 d6 2. b4 g6 3. Bf4 Bg7 4. h3 Nf6 5. Nf3 Nd5 6. Qd2 Nxf4 7. Qxf4 Nc6 8. c3 e5 9. Qd2 exd4 10. Nxd4 Nxd4 11. cxd4 0-0 12. Na3 c6 13. e3 Be6 14. Nc2 a5 15. Be2 axb4 16. Qxb4 Qa5 17. Qxa5 Rxa5 18. a3 c5 19. 0-0 Bb3 20. Rfc1 Bxc2 21. Rxc2 cxd4 22. Rd1 dxe3 23. fxe3 Rxa3 24. e4 Be5 25. Rc7 Ra1 26. Rxa1 Bxa1 27. Bc4 Bd4+ 28. Kf1 b6 29. Ke2 Kg7 30. Kd3 Bc5 31. g4 g5 32. Ke2 Kg6 33. Kd3 h6 34. Rc6 f6 35. Rc7 Bf2 36. Be6 h5 37. Bf5+ 1-0

[Event "Faxe EMT"]
[Site "Faxe"]
[Date "2003.03.19"]
[Round "1"]
[White "Karstensen, Preben"]
[Black "Gisli, Theodor"]
[Result "1/2-1/2"]
[WhiteElo "1624"]
[BlackElo "1681"]
[PlyCount "44"]
[EventDate "2003.03.19"]
[EventType "swiss"]
[EventRounds "7"]
[EventCountry "DEN"]
[SourceTitle "EXT 2023"]
[Source "ChessBase"]
[SourceDate "2022.10.05"]
[SourceVersion "1"]
[SourceVersionDate "2022.10.05"]
[SourceQuality "1"]

1. d4 f5 2. c4 Nf6 3. Nf3 e6 4. e3 Bb4+ 5. Bd2 Bxd2+ 6. Nbxd2 0-0 7. Be2 c6 8. 0-0 d5 9. Ne5 Nbd7 10. f4 Nxe5 11. fxe5 Ne4 12. Nxe4 fxe4 13. Rxf8+ Qxf8 14. Qb3 b6 15. Rf1 Qe7 16. Qd1 Bb7 17. a3 c5 18. Qe1 cxd4 19. exd4 Rf8 20. Rxf8+ Qxf8 21. Qf2 Qe7 22. Qe3 Qh4 1/2-1/2